Loading...
| Literature - American | 0 | 5 | 0 | 0 | 50 | 125 | 133.80 | 0 | 2 | 0.00 | 0.00 |
| Fine Arts - Painting and Sculpture | 0 | 5 | 2 | 1 | 40 | 76 | 118.60 | 0 | 1 | 0.00 | 0.00 |
| Literature - British | 0 | 3 | 0 | 0 | 30 | 79 | 105.00 | 0 | 2 | 0.00 | 0.00 |
| Literature - World | 0 | 3 | 1 | 0 | 25 | 115 | 128.00 | 0 | 0 | 0.00 | 0.00 |
| History - American | 0 | 3 | 1 | 0 | 25 | 109 | 111.00 | 0 | 1 | 0.00 | 0.00 |
| Social Science | 0 | 2 | 0 | 0 | 20 | 103 | 113.50 | 0 | 0 | 0.00 | 0.00 |
| Mythology | 0 | 2 | 0 | 0 | 20 | 123 | 129.50 | 0 | 1 | 0.00 | 0.00 |
| Philosophy | 0 | 2 | 0 | 0 | 20 | 120 | 126.00 | 0 | 1 | 0.00 | 0.00 |
| Science - Biology | 0 | 2 | 0 | 0 | 20 | 95 | 98.00 | 0 | 0 | 0.00 | 0.00 |
| Science - Other | 0 | 2 | 0 | 0 | 20 | 108 | 114.50 | 0 | 0 | 0.00 | 0.00 |
| Fine Arts - Classical Music | 0 | 2 | 0 | 0 | 20 | 96 | 103.50 | 0 | 0 | 0.00 | 0.00 |
| Literature - European | 0 | 2 | 1 | 0 | 15 | 92 | 108.00 | 0 | 1 | 0.00 | 0.00 |
| Fine Arts - Other | 0 | 3 | 3 | 1 | 15 | 105 | 119.33 | 1 | 1 | 0.00 | 0.00 |
| History - World | 0 | 1 | 0 | 0 | 10 | 106 | 106.00 | 0 | 0 | 0.00 | 0.00 |
| Religion | 0 | 0 | 0 | 0 | 0 | 0.00 | 0 | 0 | 0.00 | 0.00 | |
| Science - Chemistry | 0 | 0 | 0 | 0 | 0 | 0.00 | 0 | 0 | 0.00 | 0.00 | |
| Science - Physics | 0 | 0 | 1 | 0 | -5 | 0.00 | 0 | 0 | 0.00 | 0.00 |